Statystyki dla Quiz o Litwie

Kliknij tutaj aby rozwiązać quiz!

Ogólne statystyki

  • Ten quiz został rozwiązany 566 razy
  • Średni wynik to 14 z 19

Statystyki odpowiedzi

WskazówkaOdpowiedź% Poprawnych
StolicaWilno
100%
Graniczące państwaŁotwa
100%
Graniczące państwaPolska
100%
Graniczące państwaRosja
100%
Graniczące państwaBiałoruś
99%
Morze, z którym graniczyMorze Bałtyckie
98%
Litwa ogłosiła niepodległość od tego kraju w 1990 rokuZSRR
93%
Państwo litewskie, które istniało w latach 1236–1795, wielokrotnie większe niż współczesna LitwaWielkie {Księstwo} Litewskie
89%
Główne międzynarodowa organizacja, do której Litwa dołączyła w 2004 rokuNATO
86%
Główne międzynarodowa organizacja, do której Litwa dołączyła w 2004 rokuUnia Europejska
86%
Litwa była ostatnim ____ narodem w Europie, chrześcijańska stała sie dopiero w 1387 rokuPogańskim
78%
Drugie miasto pod względem ludnościKowno
74%
Najpopularniejszy sportKoszykówka
69%
Warzywo używane do przyrządzenia kartaczy/cepelin, narodowego dania LitwyZiemniaki
56%
Pielgrzymi czasami udają się na wzgórze na Litwie, na którym znajduje się ponad 100 000...Krzyży
50%
Litwa cieszy się drugim światowym spożyciem _____,
ustępując tylko Mołdawii
Alkohol
47%
W starożytności Litwa handlowała tą pomarańczową żywiczną substancją z drzewa z Imperium RzymskimBursztyn
46%
Narodowy ptak Litwy{Bocian} biały
35%
Litwa walczyła po obu stronach tej wojny w latach 1700–1721, tracąc 40% ludnościIII wojna północna
13%

Rozkład punktacji

Percentyl według liczby udzielonych odpowiedzi

Procent ludzi z każdym wynikiem

Twoja historia wyników

Nie rozwiązałeś tego quizu